=LDR 00000nam 2200000 4500 =001 000149 =020 $9786238247615 =082 $612.200 =100 $$a Panuwun Budi =245 $$a Cara membuat teh herbal /$c Panuwun Budi =250 $Cetakan I =264 $Yogyakarta: Rumah Baca 2023 =300 $vi, 50 halaman; 21 cm. =650 $Kesehatan =905 $612.2 PAN c =336 $$a =337 $$a =338 $$a =005 20260702151432.0 =008 260702s2026\\\\\\\\\\\\\\\\\\\\\\\\\\\\\\\\\\\\\\\\\